Guia bàsica de la pràctica de l'urbanisme / Maria Xalabarder Aulet
ISBN:
84-8334-287-1
Descripción Física:
75 p. : il. ; 19 cm
Colección:
Biblioteca recursos veïnals. Guia fàcil ; 3
MARC
| LEADER | 00000nam a2200000Ia 4500 | ||
|---|---|---|---|
| 001 | 21264 | ||
| 008 | 160829s2001 xx 000 0 cat d | ||
| 020 | |a 84-8334-287-1 | ||
| 080 | |a B-2-173 | ||
| 100 | |a Xalabarder Aulet, Maria |9 43878 | ||
| 245 | |a Guia bàsica de la pràctica de l'urbanisme / Maria Xalabarder Aulet | ||
| 260 | |a Barcelona : |b Mediterrània, |c 2001 | ||
| 300 | |a 75 p. : |b il. ; |c 19 cm | ||
| 490 | |a Biblioteca recursos veïnals. Guia fàcil ; 3 | ||
| 590 | |a A la part inferior de la coberta: CEiRV (Centre d'Estudis i Recursos Veïnals) | ||
| 650 | |a Urbanisme |x Dret i legislació |x Espanya |9 25333 | ||
| 650 | |a Urbanisme |x Manuals, guies, etc. |9 43879 | ||
| 901 | |a Arxiu | ||
| 942 | |n 1 | ||
| 952 | |0 0 |1 0 |4 0 |6 B2173 |7 1 |9 51660 |a Arxiu |b Arxiu |d 2016-12-01 |l 0 |o B-2-173 |p 21264 |r 2016-12-01 00:00:00 |w 2016-12-01 |y ARXIU | ||
| 999 | |c 55505 |d 55505 | ||